000 00718cam a2200241 a 4500
008
020 _a9781412907392 (pbk.)
049 _aMAIN
090 _aGV706.5
_bSCH
100 1 _aSchirato, Tony.
245 1 0 _aUnderstanding sports culture /
_cTony Schirato.
260 _aLondon :
_bSage Publications,
_c2007.
300 _avii, 150 p. ;
_c24 cm.
490 0 _aUnderstanding contemporary culture.
500 _aIncludes index.
504 _alncludes bibliographial references.
650 0 _aSports
_xSocial aspects.
907 _a.b10308568
_b07-03-12
_c21-02-12
999 _anmuzibwa.
_c140828
_d140828
003
005 20230123125410.0
040 _cNUST
942 _cBOOKS
_kGV706.5
_mSCH